000 00526nam a2200193Ia 4500
005 20250508164034.0
008 008 250505s9999 xx 000 0 eng d
020 _a0-415-09534-4
037 _aTextual
040 _aFEDL
_beng
_cFEDL
041 _aeng
_2eng
084 _a320.512, LOC
_qFEDL
245 0 _aLocke on government
260 _aLondon, UK
_bRoutledge
_c1995
300 _axii,141p.
490 _aRoutledge Philosophy Guidebooks
942 _cTEXL
_h320.512, LOC
999 _c1386711
_d1386711